000 00306nam a22001337a 4500
003 OSt
005 20231128151526.0
008 231128b |||||||| |||| 00| 0 eng d
040 _cCO-JMCR
082 _aN /
_bMARa
100 _aMartín Luisgé,
_942998
245 _aEl amor del revés /
942 _2ddc
_cBK
999 _c30413
_d16797